[Event "Amantea op-B 9th"]
[Site "Amantea"]
[Date "2011.09.07"]
[Round "4"]
[White "Panariello, Francesco"]
[Black "Preiti, Salvatore"]
[Result "0-1"]
[WhiteElo "1766"]
[BlackElo "1661"]
[PlyCount "74"]
[EventDate "2011.09.04"]
[EventType "swiss"]
[EventRounds "8"]
[EventCountry "ITA"]
[SourceTitle "EXT 2014"]
[Source "ChessBase"]
[SourceDate "2013.11.20"]
[SourceVersion "1"]
[SourceVersionDate "2013.11.20"]
[SourceQuality "1"]

1. d4 g6 2. Nf3 Bg7 3. c4 Nf6 4. Nc3 0-0 5. e4 d6 6. h3 Nc6 7. Bg5 b6 8. Bd3 Bb7 9. a3 Nd7 10. Be3 e5 11. d5 Ne7 12. g4 c6 13. Rg1 cxd5 14. cxd5 Rc8 15. Nb5 Nc5 16. Nxa7 Ra8 17. Bxc5 bxc5 18. Nb5 Ba6 19. Qe2 Rb8 20. Kf1 Kh8 21. h4 Ng8 22. a4 Nf6 23. Nd2 Qd7 24. f3 Qe7 25. Rh1 h5 26. Kg2 Qd7 27. Kg3 Kh7 28. Nf1 Rb6 29. Ne3 Rfb8 30. Nd1 Ne8 31. Ndc3 Bh6 32. g5 Bg7 33. Ra3 f6 34. Qf2 fxg5 35. hxg5 Qf7 36. Kh3 Qf4 37. Ne2 Bc8+ 0-1